[Event "FRA-chT"]
[Site "FRA"]
[Date "1996.??.??"]
[Round "?"]
[White "Conquest, Stuart"]
[Black "Wolrich, Charles"]
[Result "1-0"]
[WhiteElo "2585"]
[BlackElo "2090"]
[PlyCount "77"]
[EventDate "1996.??.??"]
[Source "ChessBase"]

1. e4 e6 2. Qe2 b6 3. Nf3 Bb7 4. d3 d5 5. exd5 Bxd5 6. Nc3 Bb4 7. Bd2 Nf6 8.
Nxd5 Bxd2+ 9. Qxd2 Qxd5 10. Be2 O-O 11. O-O c5 12. a3 Nc6 13. b4 Rfd8 14. Rfd1
Rac8 15. c3 h6 16. Qb2 Ne5 17. Ne1 Qc6 18. Rac1 c4 19. d4 Ng6 20. b5 Qd6 21.
Nf3 Nd5 22. Nd2 Ndf4 23. Nxc4 Qd5 24. Ne3 Nxe2+ 25. Qxe2 Qb3 26. c4 Qxa3 27.
Ra1 Qc3 28. Qg4 e5 29. d5 Rc7 30. h4 Kf8 31. h5 Nf4 32. g3 Nd3 33. Qe4 Nc5 34.
Qh7 e4 35. d6 Rxd6 36. Qh8+ Ke7 37. Nf5+ Ke6 38. Nxd6 Nd3 39. Nxe4 1-0

[Event "FRA-chT"]
[Site "FRA"]
[Date "1996.??.??"]
[Round "?"]
[White "Coupet, Pascal"]
[Black "Chevallier, Didier"]
[Result "0-1"]
[WhiteElo "2295"]
[BlackElo "2300"]
[PlyCount "77"]
[EventDate "1996.??.??"]
[Source "ChessBase"]

1. e4 d5 2. exd5 Nf6 3. Nf3 Qxd5 4. d4 Bg4 5. Be2 Nc6 6. h3 Bxf3 7. Bxf3 Qd6 8.
c3 e5 9. O-O O-O-O 10. Na3 exd4 11. Nb5 Qd7 12. Qa4 Bc5 13. Bf4 Nd5 14. Bg5 Nf6
15. Qc4 Bb6 16. Rfe1 d3 17. Rad1 a6 18. Na3 Qf5 19. Bxf6 Qxf6 20. Rxd3 Rxd3 21.
Qxd3 Ne5 22. Qe4 Nxf3+ 23. Qxf3 Qxf3 24. gxf3 Bc5 25. Nc4 Rd8 26. Kf1 b5 27.
Ne3 f6 28. Ng2 Kb7 29. Re2 Kc6 30. Ne3 g6 31. c4 f5 32. cxb5+ axb5 33. Rc2 Kb6
34. b3 Bxe3 35. fxe3 Rd1+ 36. Kf2 Rh1 37. e4 Rxh3 38. exf5 Rh2+ 39. Ke3 0-1

[Event "FRA-chT"]
[Site "FRA"]
[Date "1996.??.??"]
[Round "?"]
[White "Coupet, Pascal"]
[Black "Payen, Arnaud"]
[Result "1/2-1/2"]
[WhiteElo "2295"]
[BlackElo "2280"]
[PlyCount "140"]
[EventDate "1996.??.??"]
[Source "ChessBase"]

1. e4 c5 2. c3 b6 3. d4 Bb7 4. Bd3 e6 5. Nf3 cxd4 6. cxd4 Bb4+ 7. Bd2 Bxd2+ 8.
Qxd2 Nf6 9. Nc3 d5 10. e5 Ne4 11. Qf4 Nxc3 12. Ng5 Qe7 13. bxc3 h6 14. Nh3 Ba6
15. Rd1 Bxd3 16. Rxd3 Nc6 17. O-O O-O-O 18. Qc1 Na5 19. f4 g6 20. Nf2 h5 21.
Nh3 Kb7 22. Qb2 Rc8 23. Qb4 Qd7 24. Rb1 Ka8 25. Ng5 Rc4 26. Qb5 Qc7 27. h3 Rc8
28. Kh1 Qe7 29. Qb2 R4c7 30. Qb4 Qxb4 31. cxb4 Nb7 32. Kh2 Nd8 33. Kg3 Rc2 34.
a3 Ra2 35. Nf3 Kb7 36. Rbb3 Rcc2 37. Ne1 Re2 38. Rb1 Nc6 39. Rc1 Red2 40. Rdc3
Nxd4 41. Rc7+ Ka6 42. Kh2 Rxa3 43. Rxf7 Kb5 44. Rb1 Re3 45. Kg1 Ree2 46. Rxa7
Nc2 47. Nf3 Rxg2+ 48. Kh1 Rde2 49. Rc7 Rgf2 50. Rc3 Ka4 51. b5 Ne3 52. Rc8 Nc4
53. Ra8+ Na5 54. Nd4 Rh2+ 55. Kg1 Reg2+ 56. Kf1 Rf2+ 57. Kg1 Rfg2+ 58. Kf1 Ra2
59. Kg1 Rxh3 60. Nxe6 Rg3+ 61. Kh1 h4 62. Ng5 Rgg2 63. e6 Rge2 64. Rh8 Rh2+ 65.
Kg1 Rag2+ 66. Kf1 Re2 67. Kg1 Nb3 68. Ra8+ Kb4 69. e7 Rhg2+ 70. Kh1 Rh2+
1/2-1/2

[Event "FRA-chT"]
[Site "FRA"]
[Date "1996.??.??"]
[Round "?"]
[White "Coupet, Pascal"]
[Black "Richard, Alain"]
[Result "0-1"]
[WhiteElo "2295"]
[BlackElo "2310"]
[PlyCount "78"]
[EventDate "1996.??.??"]
[Source "ChessBase"]

1. e4 c5 2. c3 d5 3. exd5 Qxd5 4. d4 Nf6 5. Nf3 Bg4 6. Be2 e6 7. h3 Bh5 8. Na3
Nc6 9. O-O cxd4 10. Nb5 Rc8 11. Nbxd4 Nxd4 12. Nxd4 Bxe2 13. Qxe2 Be7 14. Rd1
a6 15. Nf3 Qe4 16. Be3 O-O 17. Rd4 Qf5 18. g4 Qa5 19. g5 Nd5 20. Bd2 Qc7 21. c4
Nb6 22. b3 Bc5 23. Rh4 Rfd8 24. Bc3 Nd7 25. Kg2 Nf8 26. Ne5 Ng6 27. Nxg6 hxg6
28. Qb2 Bf8 29. Re1 Rd3 30. Rhe4 Rcd8 31. R1e3 Rxe3 32. Rxe3 Qf4 33. Rg3 Qe4+
34. f3 Qe3 35. Qc2 Rd3 36. Be1 Bc5 37. h4 Qg1+ 38. Kh3 Qh1+ 39. Kg4 Rd4+ 0-1

[Event "FRA-chT"]
[Site "FRA"]
[Date "1996.??.??"]
[Round "?"]
[White "Coupet, Pascal"]
[Black "Vareille, Francois"]
[Result "1/2-1/2"]
[WhiteElo "2295"]
[BlackElo "2400"]
[PlyCount "81"]
[EventDate "1996.??.??"]
[Source "ChessBase"]

1. e4 e6 2. d4 d5 3. Nc3 Bb4 4. e5 c5 5. a3 Bxc3+ 6. bxc3 Qc7 7. Bd3 Ne7 8. Nf3
b6 9. O-O Ba6 10. a4 Bxd3 11. Qxd3 Nd7 12. Ba3 h6 13. c4 O-O 14. cxd5 Nxd5 15.
c4 Ne7 16. Rfe1 Nc6 17. Rad1 Rfc8 18. d5 exd5 19. cxd5 Ndxe5 20. Nxe5 Nxe5 21.
Qg3 f6 22. Bb2 Re8 23. d6 Qf7 24. Bxe5 Rxe5 25. Rxe5 fxe5 26. Qxe5 Re8 27. Qb2
Qe6 28. h3 Rd8 29. Qd2 Qc4 30. a5 b5 31. Qe3 Qa4 32. Rd5 Qxa5 33. Qe6+ Kh8 34.
Rxc5 Qa6 35. Rd5 Qc6 36. Qe7 Qc1+ 37. Kh2 Qf4+ 38. Kg1 Qc1+ 39. Kh2 Qf4+ 40.
Kg1 Qc1+ 41. Kh2 1/2-1/2

[Event "FRA-chT"]
[Site "FRA"]
[Date "1996.??.??"]
[Round "?"]
[White "Cruz Lopez Claret, Carlos"]
[Black "Bolding, Klaus"]
[Result "1/2-1/2"]
[WhiteElo "2295"]
[BlackElo "2305"]
[PlyCount "28"]
[EventDate "1996.??.??"]
[Source "ChessBase"]

1. d4 g6 2. c4 Bg7 3. Nc3 d6 4. e4 Nc6 5. d5 Nd4 6. Nge2 c5 7. Be3 Qb6 8. Nxd4
cxd4 9. Na4 Qa5+ 10. b4 Qxb4+ 11. Bd2 Qa3 12. Bc1 Qb4+ 13. Bd2 Qa3 14. Bc1 Qb4+
1/2-1/2

[Event "FRA-chT"]
[Site "FRA"]
[Date "1996.??.??"]
[Round "?"]
[White "Cruz Lopez Claret, Carlos"]
[Black "De Sousa, Jose"]
[Result "0-1"]
[WhiteElo "2295"]
[BlackElo "2285"]
[PlyCount "70"]
[EventDate "1996.??.??"]
[Source "ChessBase"]

1. d4 Nf6 2. c4 e6 3. Nc3 Bb4 4. e3 c5 5. Nge2 cxd4 6. exd4 d5 7. c5 Ne4 8. Bd2
Nxd2 9. Qxd2 a5 10. a3 Bxc3 11. Nxc3 a4 12. Bb5+ Bd7 13. O-O O-O 14. f4 g6 15.
Rac1 b6 16. f5 exf5 17. Bxd7 Qxd7 18. cxb6 Nc6 19. Qd1 Nd8 20. Re1 Ne6 21. b7
Qxb7 22. Nxa4 Qb5 23. b3 Rfb8 24. Re3 Qa6 25. Qd2 Qd6 26. Nc5 Rxa3 27. h3 Ng5
28. Qb2 Ra7 29. b4 Rba8 30. b5 Qf4 31. Qf2 Qd6 32. Qb2 Ra2 33. Qb3 Qf4 34. Rg3
Qxc1+ 35. Kh2 Ra1 0-1

[Event "FRA-chT"]
[Site "FRA"]
[Date "1996.??.??"]
[Round "?"]
[White "Cruz Lopez Claret, Carlos"]
[Black "Lefebvre, Herve"]
[Result "1-0"]
[WhiteElo "2295"]
[BlackElo "2105"]
[PlyCount "66"]
[EventDate "1996.??.??"]
[Source "ChessBase"]

1. d4 Nf6 2. c4 c5 3. d5 b5 4. cxb5 a6 5. f3 g6 6. e4 d6 7. Na3 Bg7 8. Ne2 O-O
9. Nc3 axb5 10. Naxb5 Na6 11. Be2 Nc7 12. O-O Nxb5 13. Bxb5 Qb6 14. a4 Ba6 15.
Bg5 Bxb5 16. axb5 Rfb8 17. Qe2 h6 18. Bd2 Ne8 19. f4 Nc7 20. e5 Rxa1 21. Rxa1
Nxb5 22. Qxb5 Qxb5 23. Nxb5 Rxb5 24. Bc3 c4 25. Rd1 Kf8 26. Kf2 Ke8 27. Ke3
dxe5 28. fxe5 e6 29. Ke4 Bf8 30. d6 Kd7 31. Ra1 Rb7 32. Ra8 Bxd6 33. exd6 Kxd6
1-0

[Event "FRA-chT"]
[Site "FRA"]
[Date "1996.??.??"]
[Round "?"]
[White "Cursoux, Laurent"]
[Black "Levacic, Damir"]
[Result "0-1"]
[WhiteElo "2100"]
[BlackElo "2300"]
[PlyCount "46"]
[EventDate "1996.??.??"]
[Source "ChessBase"]

1. e4 c5 2. Nf3 Nc6 3. d4 cxd4 4. Nxd4 Nf6 5. Nc3 d6 6. Be2 g6 7. Nxc6 bxc6 8.
e5 dxe5 9. Qxd8+ Kxd8 10. Be3 Kc7 11. f4 Bh6 12. Bc5 Bxf4 13. g3 Bh6 14. O-O
Re8 15. Bc4 Bh3 16. Rfe1 Nd7 17. Bxf7 Rf8 18. Bc4 Nxc5 19. Rxe5 e6 20. Rae1 Bg7
21. Nb5+ Kb6 22. b4 cxb5 23. bxc5+ Kc6 0-1

[Event "FRA-chT"]
[Site "FRA"]
[Date "1996.??.??"]
[Round "?"]
[White "Cursoux, Laurent"]
[Black "Rocher, Oliver"]
[Result "1-0"]
[WhiteElo "2100"]
[BlackElo "2215"]
[PlyCount "45"]
[EventDate "1996.??.??"]
[Source "ChessBase"]

1. e4 Nf6 2. Nc3 d5 3. exd5 Nxd5 4. Nxd5 Qxd5 5. Nf3 Nc6 6. d4 Bg4 7. Be2 O-O-O
8. c3 e5 9. O-O exd4 10. cxd4 Nxd4 11. Nxd4 Bxe2 12. Qxe2 Qxd4 13. Bg5 f6 14.
Rad1 fxg5 15. Rxd4 Rxd4 16. Qe3 c5 17. Rc1 Rd7 18. b4 b6 19. Qe4 Rc7 20. Qa8+
Kd7 21. Rd1+ Ke6 22. Qe8+ Kf5 23. Rd5+ 1-0

[Event "FRA-chT"]
[Site "FRA"]
[Date "1996.??.??"]
[Round "?"]
[White "Cursoux, Laurent"]
[Black "Vincent, Patrick"]
[Result "1-0"]
[WhiteElo "2100"]
[BlackElo "2225"]
[PlyCount "63"]
[EventDate "1996.??.??"]
[Source "ChessBase"]

1. e4 c5 2. c3 d5 3. exd5 Qxd5 4. d4 Nf6 5. Nf3 e6 6. Be2 Nc6 7. O-O Be7 8. Be3
Ng4 9. c4 Qh5 10. Bf4 O-O 11. Bg3 Qh6 12. Nc3 Rd8 13. d5 Nf6 14. Qb3 exd5 15.
Nxd5 Nxd5 16. cxd5 Na5 17. Qa4 b6 18. Ne5 Bd6 19. Bf3 Qf6 20. Rfe1 Bf5 21. Nc6
Bd7 22. Qc2 Bxc6 23. dxc6 Bxg3 24. hxg3 Nxc6 25. Qa4 b5 26. Qa6 Rac8 27. Bxc6
Rxc6 28. Qxa7 Qxb2 29. Rab1 Qd2 30. Qe7 Rf8 31. Rxb5 Rf6 32. Qxf8+ 1-0

[Event "FRA-chT"]
[Site "FRA"]
[Date "1996.??.??"]
[Round "?"]
[White "David, Alberto"]
[Black "Degraeve, Jean Marc"]
[Result "1-0"]
[WhiteElo "2330"]
[BlackElo "2515"]
[PlyCount "103"]
[EventDate "1996.??.??"]
[Source "ChessBase"]

1. e4 c5 2. Nf3 Nc6 3. d4 cxd4 4. Nxd4 Nf6 5. Nc3 e6 6. Ndb5 d6 7. Bf4 e5 8.
Bg5 a6 9. Na3 b5 10. Bxf6 gxf6 11. Nd5 f5 12. c3 Bg7 13. exf5 Bxf5 14. Nc2 Be6
15. g3 O-O 16. Bg2 Rb8 17. O-O a5 18. a3 f5 19. Re1 Ne7 20. Qd2 Kh8 21. Rad1
Nxd5 22. Bxd5 Bd7 23. f4 Qb6+ 24. Kh1 Rbd8 25. Rf1 Bc8 26. Ne3 exf4 27. Rxf4
Bh6 28. Rf3 Rde8 29. Nc4 bxc4 30. Qxh6 Bb7 31. Kg2 Bxd5 32. Rxd5 Qxb2+ 33. Rd2
Qb8 34. Rxd6 Rf7 35. Re6 Rxe6 36. Qxe6 Qb7 37. Qxc4 f4 38. Qe6 Kg8 39. Qg4+ Kf8
40. Qh5 Qb2+ 41. Kh3 Qxa3 42. Qe5 Qa4 43. Qc5+ Kg8 44. Qg5+ Kf8 45. Rd3 Rd7 46.
Qf6+ Ke8 47. Rf3 Rf7 48. Qh8+ Ke7 49. Qe5+ Kf8 50. gxf4 Qd7+ 51. f5 Qd2 52. Re3
1-0

[Event "FRA-chT"]
[Site "FRA"]
[Date "1996.??.??"]
[Round "?"]
[White "David, Alberto"]
[Black "Estival, Alain"]
[Result "1-0"]
[WhiteElo "2330"]
[BlackElo "2165"]
[PlyCount "45"]
[EventDate "1996.??.??"]
[Source "ChessBase"]

1. e4 g6 2. d4 Bg7 3. Nc3 c6 4. h4 d5 5. h5 dxe4 6. Be3 c5 7. d5 Qa5 8. Bd2 e3
9. fxe3 Qc7 10. Qf3 a6 11. Bc4 Nh6 12. d6 Qxd6 13. hxg6 Qxg6 14. Nd5 Nc6 15.
Nc7+ Kf8 16. Bd3 Qd6 17. Nxa8 Bxb2 18. Rb1 Be5 19. Nb6 Bg3+ 20. Kf1 Bg4 21.
Rxh6 Qxh6 22. Qxg4 Rg8 23. Nd7+ 1-0

[Event "FRA-chT"]
[Site "FRA"]
[Date "1996.??.??"]
[Round "?"]
[White "David, Alberto"]
[Black "Kallai, Gabor"]
[Result "0-1"]
[WhiteElo "2330"]
[BlackElo "2500"]
[PlyCount "60"]
[EventDate "1996.??.??"]
[Source "ChessBase"]

1. e4 c6 2. d4 d5 3. e5 Bf5 4. Nc3 e6 5. g4 Bg6 6. Nge2 c5 7. h4 h5 8. Nf4 Bh7
9. Nxh5 cxd4 10. Qxd4 Nc6 11. Bb5 Nge7 12. Bh6 Rg8 13. O-O-O a6 14. Bxc6+ Nxc6
15. Qf4 Qa5 16. Kb1 Nb4 17. Rc1 Rc8 18. a3 Nxc2 19. Rxc2 Rxc3 20. bxc3 Qxc3 21.
Qc1 Qb3+ 22. Ka1 Bxc2 23. Qb2 Qxb2+ 24. Kxb2 Bg6 25. Bg5 Bxh5 26. gxh5 Bc5 27.
Kb3 Bd4 28. Re1 Rh8 29. Re2 Rxh5 30. Kc2 Bc5 0-1

[Event "FRA-chT"]
[Site "FRA"]
[Date "1996.??.??"]
[Round "?"]
[White "David, Alberto"]
[Black "Yedidia, Jonathan"]
[Result "0-1"]
[WhiteElo "2330"]
[BlackElo "2445"]
[PlyCount "98"]
[EventDate "1996.??.??"]
[Source "ChessBase"]

1. e4 e6 2. d3 c5 3. g3 Nc6 4. Bg2 g6 5. Be3 d5 6. exd5 exd5 7. Qe2 Be6 8. c4
Nge7 9. Nf3 Nf5 10. cxd5 Nxe3 11. Qxe3 Nb4 12. O-O Nxd5 13. Qe5 Qf6 14. Qxf6
Nxf6 15. Nc3 O-O-O 16. Ng5 Rxd3 17. Rfe1 Rd6 18. Nxe6 fxe6 19. Bh3 Bg7 20. Rxe6
Rxe6 21. Bxe6+ Kc7 22. Rd1 Re8 23. Bh3 Re7 24. Kf1 a6 25. a4 h5 26. a5 Rf7 27.
Be6 Rf8 28. h3 Kc6 29. Kg2 Ne8 30. Ne4 Bd4 31. b4 Nd6 32. bxc5 Nxe4 33. Rxd4
Nxc5 34. Bc4 Rf6 35. f4 Ne6 36. Rd5 Rxf4 37. Bb3 Rb4 38. Re5 Rxb3 39. Rxe6+ Kb5
40. Rb6+ Ka4 41. Rxg6 Kxa5 42. Rg5+ Kb4 43. Rxh5 a5 44. Rh8 a4 45. h4 a3 46.
Ra8 Rd3 47. h5 Rd2+ 48. Kf3 a2 49. Ke4 Rc2 0-1

[Event "FRA-chT"]
[Site "FRA"]
[Date "1996.??.??"]
[Round "?"]
[White "De Sousa, Jose"]
[Black "Eliet, Nicolas"]
[Result "1/2-1/2"]
[WhiteElo "2285"]
[BlackElo "2380"]
[PlyCount "85"]
[EventDate "1996.??.??"]
[Source "ChessBase"]

1. c4 c6 2. d4 d5 3. Nc3 Nf6 4. e3 e6 5. Nf3 Nbd7 6. Bd3 dxc4 7. Bxc4 b5 8. Bd3
a6 9. e4 c5 10. e5 cxd4 11. Nxb5 axb5 12. exf6 gxf6 13. O-O Qb6 14. Qe2 b4 15.
Rd1 Bc5 16. Bf4 Bb7 17. Bb5 Rd8 18. Rac1 Rg8 19. Bg3 Kf8 20. Qc4 Bd5 21. Qd3
Bxf3 22. gxf3 Ne5 23. Qe2 d3 24. Bxd3 Nxd3 25. Rxd3 Bxf2+ 26. Kg2 Bd4 27. Rc4
e5 28. Qd2 f5 29. Kf1 Ra8 30. Rxb4 Qa6 31. Qe2 f4 32. Bf2 Qg6 33. Rbxd4 exd4
34. Bxd4 Re8 35. Bc5+ Kg7 36. Qd2 Qf5 37. Rd5 Qh3+ 38. Qg2+ Qxg2+ 39. Kxg2 Kf6+
40. Kf1 Ra8 41. a3 Ke6 42. Rd6+ Ke5 43. Rd2 1/2-1/2

[Event "FRA-chT"]
[Site "FRA"]
[Date "1996.??.??"]
[Round "?"]
[White "De Sousa, Jose"]
[Black "Touzane, Olivier"]
[Result "0-1"]
[WhiteElo "2285"]
[BlackElo "2495"]
[PlyCount "54"]
[EventDate "1996.??.??"]
[Source "ChessBase"]

1. d4 Nf6 2. c4 g6 3. Nc3 Bg7 4. e4 d6 5. Nf3 O-O 6. Be2 e5 7. d5 a5 8. h3 Nh5
9. Ng1 Nf4 10. Bf3 f5 11. g3 fxe4 12. Nxe4 Nh5 13. Bg4 Na6 14. Be3 Qe7 15. Bxc8
Raxc8 16. Ne2 Nf4 17. Kf1 c6 18. dxc6 Nxe2 19. Qd5+ Kh8 20. Kxe2 Rxc6 21. Rhd1
Nb4 22. Qd2 Qf7 23. Nxd6 Qf3+ 24. Kf1 Rxd6 25. Qxd6 Nc2 26. Kg1 Nxe3 27. fxe3
Qxg3+ 0-1

[Event "FRA-chT"]
[Site "FRA"]
[Date "1996.??.??"]
[Round "?"]
[White "Degraeve, Jean Marc"]
[Black "Cruz Lopez Claret, Carlos"]
[Result "1/2-1/2"]
[WhiteElo "2515"]
[BlackElo "2295"]
[PlyCount "99"]
[EventDate "1996.??.??"]
[Source "ChessBase"]

1. e4 e5 2. Nf3 Nc6 3. Bc4 Nf6 4. d3 Bc5 5. c3 a6 6. Nbd2 Ba7 7. h3 O-O 8. Bb3
d5 9. O-O dxe4 10. dxe4 Qe7 11. Nh2 Be6 12. Bc2 Rad8 13. Qf3 Rd7 14. Re1 Rfd8
15. Ndf1 Ne8 16. Ng3 f6 17. Qh5 Qf7 18. Qxf7+ Kxf7 19. Ng4 Nd6 20. Ne3 Nc4 21.
Ngf1 Nxe3 22. Nxe3 Ne7 23. h4 Nc8 24. a4 Ne7 25. a5 Nc8 26. Nf1 Nd6 27. Ba4 c6
28. Bc2 Bc5 29. Be3 Bxe3 30. Nxe3 Nc4 31. Nxc4 Bxc4 32. Rad1 Rd2 33. b3 Be2 34.
Rxe2 Rxd1+ 35. Bxd1 Rxd1+ 36. Kh2 Rb1 37. b4 Rd1 38. Re3 Ke6 39. h5 g6 40. hxg6
hxg6 41. Rh3 Rd7 42. Rh6 g5 43. Rh8 c5 44. bxc5 Rc7 45. Rb8 Rxc5 46. Rxb7 Rxa5
47. Kg3 Ra2 48. f3 Rc2 49. Rb6+ Kf7 50. Rxa6 1/2-1/2

[Event "FRA-chT"]
[Site "FRA"]
[Date "1996.??.??"]
[Round "?"]
[White "Degraeve, Jean Marc"]
[Black "De Sousa, Jose"]
[Result "1-0"]
[WhiteElo "2515"]
[BlackElo "2285"]
[PlyCount "81"]
[EventDate "1996.??.??"]
[Source "ChessBase"]

1. e4 c5 2. Nf3 Nc6 3. Bb5 d6 4. O-O Bd7 5. c3 a6 6. Bxc6 Bxc6 7. Re1 e6 8. d4
cxd4 9. cxd4 d5 10. Ne5 dxe4 11. Nxc6 bxc6 12. Qa4 Qd7 13. Nd2 Nf6 14. Nc4 c5
15. Qxd7+ Nxd7 16. Rxe4 Nf6 17. Rg4 cxd4 18. Rxd4 Bc5 19. Rd3 Ke7 20. Be3 Bxe3
21. Nxe3 Rhb8 22. b3 Rd8 23. Rad1 Rxd3 24. Rxd3 Rd8 25. Rxd8 Kxd8 26. Kf1 Kc7
27. Ke2 Kc6 28. Kd3 Kc5 29. a3 Nd7 30. Kc3 Nb6 31. b4+ Kb5 32. Kb3 g6 33. Nc4
Nc8 34. a4+ Kc6 35. Ne5+ Kd5 36. Nxf7 Kd4 37. Ng5 e5 38. Nxh7 Kd3 39. f3 Ke2
40. Ng5 Kf2 41. g4 1-0

[Event "FRA-chT"]
[Site "FRA"]
[Date "1996.??.??"]
[Round "?"]
[White "Degraeve, Jean Marc"]
[Black "Hagege, Gerard"]
[Result "1-0"]
[WhiteElo "2515"]
[BlackElo "2175"]
[PlyCount "61"]
[EventDate "1996.??.??"]
[Source "ChessBase"]

1. e4 c5 2. Nf3 e6 3. d4 cxd4 4. Nxd4 Nf6 5. Nc3 Nc6 6. Be2 Bb4 7. O-O Bxc3 8.
bxc3 Nxe4 9. Bd3 Nxc3 10. Qg4 Qf6 11. Nxc6 bxc6 12. Bg5 Qe5 13. Rae1 h5 14. Qh4
Qc5 15. Be3 Qe7 16. Qg3 Qf6 17. Bg5 Qd4 18. h4 O-O 19. Bf4 Nd5 20. Re4 Qf6 21.
Bd6 Re8 22. Re5 Nf4 23. Rfe1 Nxd3 24. cxd3 Ba6 25. R1e3 Qh6 26. Rg5 f6 27. Rg6
Qh7 28. Rxf6 c5 29. Rg6 c4 30. dxc4 Bxc4 31. Qg5 1-0

[Event "FRA-chT"]
[Site "FRA"]
[Date "1996.??.??"]
[Round "?"]
[White "Delebarre, Xavier"]
[Black "Chabanon, Jean Luc"]
[Result "0-1"]
[WhiteElo "2260"]
[BlackElo "2435"]
[PlyCount "48"]
[EventDate "1996.??.??"]
[Source "ChessBase"]

1. h3 d5 2. c4 e6 3. g4 h5 4. gxh5 dxc4 5. Bg2 Rxh5 6. a4 Nc6 7. Na3 Na5 8. Qc2
Rc5 9. Nf3 Bd7 10. O-O Bc6 11. d4 cxd3 12. Qxd3 Qxd3 13. exd3 Nb3 14. Rb1 Nxc1
15. Rfxc1 Rxc1+ 16. Rxc1 Bxa3 17. bxa3 O-O-O 18. Ne1 Bxa4 19. Rc4 Be8 20. a4
Ne7 21. d4 Nd5 22. a5 a6 23. h4 Bb5 24. Rc5 Nf4 0-1

[Event "FRA-chT"]
[Site "FRA"]
[Date "1996.??.??"]
[Round "?"]
[White "Delebarre, Xavier"]
[Black "Desbones, Samy"]
[Result "1/2-1/2"]
[WhiteElo "2260"]
[BlackElo "2245"]
[PlyCount "86"]
[EventDate "1996.??.??"]
[Source "ChessBase"]

1. h3 g6 2. d4 Nf6 3. Nf3 Bg7 4. c3 d6 5. Bf4 O-O 6. g4 Nc6 7. Bg2 Qe8 8. Qd2
e5 9. dxe5 dxe5 10. Bh6 Be6 11. Bxg7 Kxg7 12. Ng5 Rd8 13. Nxe6+ Qxe6 14. Qc2
Rd7 15. Nd2 Rfd8 16. Nf3 e4 17. Nd4 Nxd4 18. cxd4 Rxd4 19. Qxc7 R8d7 20. Qc3 h6
21. O-O Qc4 22. e3 Qxc3 23. bxc3 Rc4 24. Rfc1 Rd2 25. a4 Nd5 26. Ra3 Nb4 27.
Bf1 Nd3 28. Rb1 Rc7 29. Bxd3 exd3 30. Rb4 Rc2 31. Rd4 R2xc3 32. Rxd3 Rxa3 33.
Rxa3 Rc4 34. a5 Kf6 35. Rb3 Rc5 36. Rxb7 Rxa5 37. Kg2 Ra2 38. h4 a5 39. Kg3 a4
40. Ra7 a3 41. f4 Ra1 42. Kf3 a2 43. Ke4 Kg7 1/2-1/2

[Event "FRA-chT"]
[Site "FRA"]
[Date "1996.??.??"]
[Round "?"]
[White "Delebarre, Xavier"]
[Black "Prie, Eric"]
[Result "0-1"]
[WhiteElo "2260"]
[BlackElo "2480"]
[PlyCount "68"]
[EventDate "1996.??.??"]
[Source "ChessBase"]

1. h3 b6 2. e4 Bb7 3. Nc3 e6 4. Qe2 c5 5. d3 Nc6 6. Nf3 Nge7 7. Bf4 Ng6 8. Be3
Be7 9. g3 O-O 10. h4 f5 11. h5 Nge5 12. Nxe5 Nxe5 13. f4 Ng4 14. Bd2 d5 15. Bh3
d4 16. Nd1 Nf6 17. Nf2 Qd7 18. Bg2 Rfe8 19. Bf3 Rac8 20. g4 Bf8 21. c4 dxc3 22.
Bxc3 fxg4 23. Nxg4 Nxg4 24. Bxg4 c4 25. dxc4 Qc7 26. Rf1 Qxc4 27. Qxc4 Rxc4 28.
e5 Bg2 29. Rf2 Bd5 30. Bf3 Bc5 31. Rf1 Rxf4 32. Bxd5 Rxf1+ 33. Kxf1 exd5 34.
Rd1 d4 0-1

[Event "FRA-chT"]
[Site "FRA"]
[Date "1996.??.??"]
[Round "?"]
[White "Delebarre, Xavier"]
[Black "Ribreau, Herve"]
[Result "0-1"]
[WhiteElo "2260"]
[BlackElo "2180"]
[PlyCount "62"]
[EventDate "1996.??.??"]
[Source "ChessBase"]

1. h3 e6 2. Nf3 b6 3. e4 Bb7 4. Qe2 c5 5. Nc3 d6 6. d4 cxd4 7. Nxd4 Nf6 8. Bg5
Be7 9. Qe3 Nbd7 10. Bxf6 Nxf6 11. e5 dxe5 12. Bb5+ Nd7 13. Nf3 a6 14. Bxd7+
Qxd7 15. Nxe5 Qc7 16. O-O-O Bd6 17. f4 Rc8 18. Rhe1 O-O 19. Re2 Rfd8 20. Nd3 b5
21. Ne4 Bf8 22. Kb1 Bd5 23. Rc1 Qa5 24. b3 Ba3 25. Rd1 Qc7 26. g4 a5 27. Ndf2
a4 28. Nd3 Bxe4 29. Qxe4 Qc3 30. Qe3 axb3 31. axb3 Rxd3 0-1

[Event "FRA-chT"]
[Site "FRA"]
[Date "1996.??.??"]
[Round "?"]
[White "Delebarre, Xavier"]
[Black "Roos, Jean Luc"]
[Result "1/2-1/2"]
[WhiteElo "2260"]
[BlackElo "2325"]
[PlyCount "96"]
[EventDate "1996.??.??"]
[Source "ChessBase"]

1. h3 e5 2. e4 Nf6 3. Nc3 Bc5 4. Nf3 d6 5. d3 c6 6. g3 O-O 7. Bg2 Re8 8. O-O
Nbd7 9. Na4 Bb4 10. a3 Ba5 11. b4 Bc7 12. c4 a5 13. Bb2 Nf8 14. Nc3 Ne6 15. Re1
Bb6 16. Na4 Ba7 17. Qc2 b5 18. cxb5 cxb5 19. Nc3 Bd7 20. Qd2 a4 21. Nd1 Qb6 22.
Ne3 Rac8 23. Rac1 Rxc1 24. Rxc1 Rc8 25. Rxc8+ Bxc8 26. Nd5 Nxd5 27. exd5 Nf8
28. d4 f6 29. Ne1 exd4 30. Nc2 Qc7 31. Bxd4 Bxd4 32. Nxd4 Qc4 33. Qe3 Bd7 34.
Nc6 Ng6 35. Qa7 Qc1+ 36. Kh2 Nf8 37. Qe3 Qc2 38. Qe7 Bf5 39. Nd8 Bg6 40. Ne6
Nxe6 41. dxe6 h5 42. Qxd6 Qxf2 43. Qb8+ Kh7 44. Qxb5 h4 45. gxh4 Qf4+ 46. Kh1
Qc1+ 47. Kh2 Qf4+ 48. Kh1 Qc1+ 1/2-1/2

[Event "FRA-chT"]
[Site "FRA"]
[Date "1996.??.??"]
[Round "?"]
[White "Desbones, Samy"]
[Black "Anic, Darko"]
[Result "1/2-1/2"]
[WhiteElo "2245"]
[BlackElo "2455"]
[PlyCount "73"]
[EventDate "1996.??.??"]
[Source "ChessBase"]

1. e4 c6 2. d4 d5 3. e5 Bf5 4. h4 h5 5. c4 e6 6. Nc3 Nd7 7. cxd5 cxd5 8. Bd3
Bxd3 9. Qxd3 a6 10. Nf3 Ne7 11. O-O Nc6 12. Re1 Be7 13. Bg5 Nb6 14. Rac1 Qd7
15. b3 Ba3 16. Rcd1 Rc8 17. Nb1 Bb4 18. Bd2 Bxd2 19. Qxd2 Ne7 20. Nc3 Nf5 21.
Rc1 O-O 22. Qf4 Qe7 23. Ng5 Rc6 24. Ne2 Rfc8 25. Rxc6 Rxc6 26. Ng3 g6 27. Nxf5
exf5 28. Rc1 Qc7 29. Rxc6 Qxc6 30. Nf3 Nd7 31. Qg5 Nf8 32. Qd8 Qc1+ 33. Kh2
Qf4+ 34. Kg1 Qc1+ 35. Kh2 Qf4+ 36. Kh1 Qc1+ 37. Kh2 1/2-1/2

[Event "FRA-chT"]
[Site "FRA"]
[Date "1996.??.??"]
[Round "?"]
[White "Desbones, Samy"]
[Black "Bellet, Georges"]
[Result "1-0"]
[WhiteElo "2245"]
[BlackElo "2205"]
[PlyCount "89"]
[EventDate "1996.??.??"]
[Source "ChessBase"]

1. e4 c5 2. Nf3 d6 3. d4 cxd4 4. Nxd4 Nf6 5. Nc3 a6 6. Be2 e6 7. O-O Qc7 8. f4
Nbd7 9. Be3 b5 10. f5 e5 11. Nb3 Bb7 12. Bf3 Rc8 13. a3 h5 14. Bf2 Be7 15. Re1
Ba8 16. Rc1 Nb6 17. Nd2 Bb7 18. Qe2 Nc4 19. Nxc4 Qxc4 20. h3 h4 21. Qd1 Qc7 22.
a4 bxa4 23. Nxa4 Bc6 24. c4 Rb8 25. Ra1 Rb4 26. Nc3 Bb7 27. b3 Bc8 28. Ra4 Qb7
29. Rxb4 Qxb4 30. Qc2 Bd8 31. Na2 Qb8 32. b4 Bd7 33. Rb1 Bc6 34. Nc3 Bb6 35. c5
Bc7 36. Nd5 Qb7 37. Nxc7+ Qxc7 38. cxd6 Qxd6 39. Rd1 Qc7 40. Rc1 Kd7 41. Qd3+
Qd6 42. Qxa6 Ra8 43. Qc4 Rc8 44. Qxf7+ Qe7 45. Rd1+ 1-0

[Event "FRA-chT"]
[Site "FRA"]
[Date "1996.??.??"]
[Round "?"]
[White "Desbones, Samy"]
[Black "Claverie, Christophe"]
[Result "1-0"]
[WhiteElo "2245"]
[BlackElo "2250"]
[PlyCount "81"]
[EventDate "1996.??.??"]
[Source "ChessBase"]

1. e4 e6 2. d4 d5 3. Nd2 Nf6 4. e5 Nfd7 5. Ngf3 c5 6. c3 Nc6 7. Bd3 Be7 8. O-O
cxd4 9. cxd4 Nb6 10. Re1 Bd7 11. Nf1 a5 12. Ng3 a4 13. Nh5 g6 14. Ng3 Na5 15.
Bh6 Nbc4 16. Qe2 a3 17. bxa3 Nxa3 18. Nf1 N5c4 19. Ne3 b5 20. Ng4 Rg8 21. h4
Qb6 22. Nf6+ Bxf6 23. exf6 O-O-O 24. Bf4 Kb7 25. g3 Rc8 26. Rac1 Rgf8 27. Red1
Be8 28. h5 gxh5 29. Bxh7 b4 30. Ne1 Ba4 31. Rd3 Rh8 32. Qxh5 Be8 33. Qh6 Bb5
34. Qg7 Rcf8 35. Nf3 Nd6 36. Rb3 Nf5 37. Bxf5 Rhg8 38. Qh6 exf5 39. Rxb4 Rc8
40. Rb3 Qa5 41. Qh7 1-0